000 00341 a2200157 4500
001 155162
040 _cEscola São Tomás de Aquino
100 _aNEMI, Ana Lúcia Lana
240 1 0 _aFaça História !
_lpor
245 1 0 _aFaça História !
300 _a111
362 0 _a2016
440 1 _aFTD
697 _aHISTÓRIA
942 _cBK
999 _c155162
_d155162